| 000 | 00373nam a22001217a 4500 | ||
|---|---|---|---|
| 020 | _a978-1642810059 | ||
| 082 |
_a808.042 _bSTR |
||
| 100 | _aStrunk Jr., William | ||
| 245 |
_aThe Elements of Style Workbook: _b Writing Strategies with Grammar Book / _cWilliam Strunk Jr. |
||
| 260 |
_aTexas; _bTip Top Education, _c2017. |
||
| 300 | _ax, 203p. ; | ||
| 942 |
_2ddc _cBK |
||
| 999 |
_c615029 _d615029 |
||